| 000 | 01130nam0a22002411 4500 | ||
|---|---|---|---|
| 001 | rc\1105755 | ||
| 005 | 20260406135816.0 | ||
| 035 | _a(NLR Aleph) 006350576 | ||
| 090 |
_a4797115 _c4797115 |
||
| 100 | _a20041126d1982 |||y0rusy50 ca | ||
| 101 | 0 | _arus | |
| 102 | _aRU | ||
| 105 | _ay ||||||||| | ||
| 200 | 1 |
_aИНФЕКЦИОННЫЕ и паразитарные болезни овец на Северном Кавказе _e(Сб. науч. работ) _fВсерос. отд-ние ВАСХНИЛ, Сев.-Кавк. зон. н.-и. вет. ин-т _g[Редкол.: к. вет. н. В.Ф. Шаталов (отв. ред.) и др.] |
|
| 210 |
_aНовочеркасск _cОНТИСКЗНИВИ _d1982 (вып. дан. 1983) |
||
| 215 |
_a114 с. _d20 |
||
| 702 | 1 |
_aШаталов _bВ.Ф. _4340 |
|
| 712 | 0 | 2 |
_aСеверо-Кавказский зональный научно-исследовательский ветеринарный институт _cНовочеркасск _3RU\NLR\AUTH\889918775 _9333673 |
| 801 | 0 |
_aRU _bNLR _gpsbo |
|
| 801 | 1 |
_aRU _bELAR _2rusmarc |
|
| 852 |
_aNLR _j89-3/17026 |
||
| 942 | _cBOOK | ||
| 980 | _aNB | ||